00727nam a2200193 a 450000100100000000500170001000800410002702000150006804000250008324500760010826000720018430000280025649000500028450000210033450400320035550400730038770000230046083000500048300004132120201002034803.0130925s1994 sp 001 0 spa d a8487699987 aDO-SdBNPbspacBNPHU00aDel Renacimiento a la Ilustración /cedición de Ezequiel de Olaso/. aMadrid :bConsejo Superior de Investigaciones Científicas,c1994. a228 p. :bil, ;c24 cm.1 aEnciclopedia iberoamericana de filosofíav6 aIncluye índice aBibliografía : p. 227-228 aIncluye referencias bibliográficas y notas al pie de las páginas1 aOlaso, Ezequiel de 0aEnciclopedia iberoamericana de filosofíav6